000
00331nam a2200133Ia 4500
008
150509s9999 xx 000 0 und d
082
_a
REF 380.105 KOM
245
_a
Kompass
260
_a
Crydon:
260
_b
Kompass Publishers Ltd
260
_c
1973
300
_a
2 volumes. :ill. ;31cm
650
_a
Trade, directories of dealers
999
_c
4342
_d
4342